LEADER 00831nam0-2200313---450- 001 990010022600403321 005 20151214133440.0 010 $a978-88-452-7998-0 035 $a001002260 035 $aFED01001002260 035 $a(Aleph)001002260FED01 035 $a001002260 100 $a20151214d2015----km-y0itay50------ba 101 0 $aita 102 $aIT 105 $a--------001yy 200 1 $a<>uomini e l'amore$fAntonella Boralevi 210 $aMilano$cBompiani$d2015 215 $a218 p.$d20 cm 610 0 $aUomini$aAspetti psicologici 610 0 $aUomini$aComportamento$aSec. 21. 676 $a305.31$v22$zita 700 1$aBoralevi,$bAntonella 801 0$aIT$bUNINA$gRICA$2UNIMARC 901 $aBK 912 $a990010022600403321 952 $a305.31 BOR 1$b1886$fBFS 959 $aBFS 997 $aUNINA LEADER 01046nam a2200289 4500 001 991000525829707536 008 041029t 2003it ita d 020 $a8886864868 035 $ab13233786-39ule_inst 040 $aDip.to Lingue$bita 041 $aita 100 1 $aSchaff, Adam$01576 245 10$aSociolinguistica /$ca cura di Adam Schaff ; traduzione e cura di Arianna De Luca ; introduzione di Patrizia Calefato 250 $a1 ed. 260 $aBari :$bEdizioni B.A. Graphis,$cc2003 300 $a165 p. ;$c20 cm 440 4$aGli strumenti.$pSerie gialla ;$v15 504 $aIncludes bibliographical references and index 650 4$aSociolinguistica 700 1 $aDe Luca, Arianna 700 1 $aCalefato, Patrizia 907 $a.b13233786$b21-09-06$c29-10-04 912 $a991000525829707536 945 $aLE012 306.44 SCH$g1$i2012000094499$lle012$o-$pE0.00$q-$rl$s- $t0$u1$v0$w1$x0$y.i13911028$z29-10-04 996 $aSociolinguistica$9252914 997 $aUNISALENTO 998 $ale012$b29-10-04$cm$da $e-$fita$git $h0$i0 LEADER 04508nam 22009255 450 001 9910298631103321 005 20200706035809.0 010 $a3-319-09834-9 024 7 $a10.1007/978-3-319-09834-0 035 $a(CKB)3710000000271822 035 $a(EBL)1966811 035 $a(SSID)ssj0001386651 035 $a(PQKBManifestationID)11752498 035 $a(PQKBTitleCode)TC0001386651 035 $a(PQKBWorkID)11374967 035 $a(PQKB)11329589 035 $a(DE-He213)978-3-319-09834-0 035 $a(MiAaPQ)EBC1966811 035 $a(PPN)183094999 035 $a(EXLCZ)993710000000271822 100 $a20141103d2015 u| 0 101 0 $aeng 135 $aur|n|---||||| 181 $ctxt 182 $cc 183 $acr 200 10$aNovel Aspects of Diamond $eFrom Growth to Applications /$fedited by Nianjun Yang 205 $a1st ed. 2015. 210 1$aCham :$cSpringer International Publishing :$cImprint: Springer,$d2015. 215 $a1 online resource (336 p.) 225 1 $aTopics in Applied Physics,$x0303-4216 ;$v121 300 $aDescription based upon print version of record. 311 $a3-319-09833-0 320 $aIncludes bibliographical references and index. 327 $aHomoepitaxial Diamond Growth by Plasma-Enhanced Chemical Vapor Deposition -- Diamond/?-SiC Composite Thin Films: Preparation, Properties and Applications -- Surface Chemistry of Diamond -- Surface Modifications of Nanodiamonds and Current Issues for Their Biomedical Applications -- Diamond Nanowires: Fabrication, Structure, Properties and Applications -- Nanoparticle-Based Diamond Electrodes -- Modified Diamond Electrodes for Electrochemical Systems for Energy Conversion and Storage -- Diamond PN/PIN Diode Type Electron Emitter with Negative Electron Affinity and its Potential for the High Voltage Vacuum Power Switch -- Diamond Ultramicro- and Nano- Electrode Arrays -- Advances in Electrochemical Biosensing Using Boron Doped Diamond Microelectrode. 330 $aThis book focuses on new research fields of diamond, from its growth to applications. It covers growth of atomically flat diamond films, properties and applications of diamond nanoparticles, diamond nanoparticles based electrodes and their applications for energy storage and conversion (supercapacitors, CO2 conversion etc.). Diamond for biomimetic interface, all electrochemical devices for in vivo detections and photo-electrochemical degradation of environmental hazards are highlighted. 410 0$aTopics in Applied Physics,$x0303-4216 ;$v121 606 $aOptical materials 606 $aElectronics$xMaterials 606 $aNanoscience 606 $aNanoscience 606 $aNanostructures 606 $aNanotechnology 606 $aPhysics 606 $aSemiconductors 606 $aBiomedical engineering 606 $aOptical and Electronic Materials$3https://scigraph.springernature.com/ontologies/product-market-codes/Z12000 606 $aNanoscale Science and Technology$3https://scigraph.springernature.com/ontologies/product-market-codes/P25140 606 $aNanotechnology$3https://scigraph.springernature.com/ontologies/product-market-codes/Z14000 606 $aApplied and Technical Physics$3https://scigraph.springernature.com/ontologies/product-market-codes/P31000 606 $aSemiconductors$3https://scigraph.springernature.com/ontologies/product-market-codes/P25150 606 $aBiomedical Engineering and Bioengineering$3https://scigraph.springernature.com/ontologies/product-market-codes/T2700X 615 0$aOptical materials. 615 0$aElectronics$xMaterials. 615 0$aNanoscience. 615 0$aNanoscience. 615 0$aNanostructures. 615 0$aNanotechnology. 615 0$aPhysics. 615 0$aSemiconductors. 615 0$aBiomedical engineering. 615 14$aOptical and Electronic Materials. 615 24$aNanoscale Science and Technology. 615 24$aNanotechnology. 615 24$aApplied and Technical Physics. 615 24$aSemiconductors. 615 24$aBiomedical Engineering and Bioengineering. 676 $a537.622 676 $a610.28 676 $a620.11 676 $a620.11295 676 $a620.11297 676 $a620.5 676 $a620115 676 $a621 702 $aYang$b Nianjun$4edt$4http://id.loc.gov/vocabulary/relators/edt 906 $aBOOK 912 $a9910298631103321 996 $aNovel Aspects of Diamond$92268943 997 $aUNINA